000 00883nam a2200277 a 4500
001 536
003 BR-CuiBMT
005 20231129060500.0
008 231108s2006 spba 001 0 por d
020 _a852244254
040 _aBR-CuiBMT
_cBR-CuiBMT
080 _22007
_a347
090 _a347
_bV464d
_c6. ed.
100 1 _aVenosa, Sílvio de Salvo,
_d1945-
245 1 0 _aDireito civil /
_cSílvio de Salvo Venosa.
250 _a6. ed.
260 _aSão Paulo :
_bAtlas,
_c2006.
300 _a7 v. :
_bil. ;
_c25 cm
490 1 _aColeção direito civil
504 _aInclui bibliografia e índice.
505 1 _av. 1. Parte geral -- v. 2. Teoria geral das obrigações e teoria geral dos contratos -- v. 3. Contratos em espécie
590 _aA Biblioteca possui somente os volumes 1, 2 e 3.
650 _aDireito civil
_zBrasil
830 0 _aDireito civil
942 _2udc
_cLV
999 _c536
_d536